000 00226 a2200097 4500
001 13341
100 _aHostler, C W
245 _aTurkish And the Soviets
260 _aLondon
_bGeorge Allan & Unwin Ltd
_c
090 _c10357
_d10357
942 _aNUST-CAE
_cM
_c400
999 _c248414
_d248414